000 00646cam a22002293a 4500
001 30668
003 PGUSA
005 20140828083649.0
008 091213s2009||||xxu|||||s|||||000 1 eng d
040 _aPGUSA
_beng
042 _adc
050 4 _aPS
100 1 _aAldrich, Thomas Bailey,
_d1836-1907
245 1 0 _aDaisy's Necklace, and What Came of It
_h[electronic resource] /
_cThomas Bailey Aldrich
260 _bProject Gutenberg,
_c2009
506 _aPublic domain in the USA.
516 _aElectronic text
653 _aFiction
830 0 _aProject Gutenberg
_v30668
856 4 0 _uhttp://www.gutenberg.org/ebooks/30668
942 _cEB
999 _c259923
_d259923